Tovább javul a Szabadtéri Játékok propagandája
Elmentve itt :
| Dokumentumtípus: | Cikk |
|---|---|
| Megjelent: |
1962-12-02
|
| Sorozat: | Délmagyarország
52 No. 282 |
| Kulcsszavak: | Szabadtéri Játékok, Szegedi Szabadtéri Játékok propaganda 1962, Szegedi Szabadtéri Játékok reklám 1962 |
| Online Access: | http://dmarchiv.bibl.u-szeged.hu/78148 |
| LEADER | 00519nab a2200145 i 4500 | ||
|---|---|---|---|
| 001 | delm78148 | ||
| 005 | 20180928084337.0 | ||
| 008 | 180928s1962 hu o 0|| hun d | ||
| 040 | |a SZTE Délmagyarország Archívum |b hun | ||
| 041 | |a hun | ||
| 245 | 0 | 0 | |a Tovább javul a Szabadtéri Játékok propagandája |h [elektronikus dokumentum] |
| 260 | |c 1962-12-02 | ||
| 300 | |a 9 | ||
| 490 | 0 | |a Délmagyarország |v 52 No. 282 | |
| 695 | |a Szabadtéri Játékok, Szegedi Szabadtéri Játékok propaganda 1962, Szegedi Szabadtéri Játékok reklám 1962 | ||